000 00566nam a2200181Ia 4500
008 100920s9999 xx 000 0 und d
082 _b80244
_a891.464 न 01
100 _aमराठे रमा.
245 _aरंग सुखाचे.
260 _bमेहता पब्लिशिंग हाऊस, पुणे 30.
_c2001
300 _a105
_bसाधी
365 _b75
520 _aनिबंध.
630 _aरंग सुखाचे.
650 _aनिबंध.
730 _aरंग सुखाचे.
942 _cBOOK
999 _c721151
_d721148